000 00505nam a2200145Ia 4500
008 100122s9999 xx 000 0 und d
082 _b51073
_a823
100 _aरांगणेकर कुमुदिनी
245 _aप्रितीचा नसे सौदा
260 _bकलाभारती प्रकाशन
_c1995
300 _a140
630 _aप्रितीचा नसे सौदा
730 _aप्रितीचा नसे सौदा
942 _cBOOK
999 _c428623
_d428620